000
00293nam a22001337a 4500
008
170321b xxu||||| |||| 00| 0 eng d
020
_a
9780397553716
041
_a
eng
080
_2
3 ED
_a
616.12 -008-073
100
_a
7
101
_a
SHM
245
_a
ECG WORK OUT
_c
HUFF.J
942
_2
udc
_c
BK
999
_c
8270
_d
8270